| 000 | 01673nam0a2200361 4500 | ||
|---|---|---|---|
| 001 | RU\NLR\bibl\138325 | ||
| 005 | 20260406052828.0 | ||
| 010 |
_a5-230-17796-9 _9100 |
||
| 020 |
_aRU _b98-31902 _9Книжная летопись |
||
| 021 |
_aRU _b98-23028 _91088 |
||
| 035 | _a(NLR Aleph) 000135489 | ||
| 090 |
_a774539 _c774539 |
||
| 100 | _a20000410d1997 |||y0rusy50 ca | ||
| 101 | 0 | _arus | |
| 102 | _aRU | ||
| 105 | _aa ||||||||| | ||
| 200 | 1 |
_aРешение оптимизационных задач в управлении строительным производством _e[Учеб. пособие для студентов специальности 060800 "Экономика и упр. на предприятиях (строительство)"] _fА. А. Яблонский _gЯросл. гос. техн. ун-т |
|
| 210 |
_aЯрославль _cЯГТУ _d1997 |
||
| 215 |
_a164 с. _cил. _d20 |
||
| 320 | _aБиблиогр.: с. 134-135 (19 назв.) | ||
| 610 | 0 | _aСтроительные организации - Управление - Автоматизация | |
| 610 | 0 | _aАвтоматизированные системы управления технологическими процессами | |
| 675 |
_a69:658.012.122(075.8) _v3 _zrus |
||
| 686 |
_a67 _2rugasnti |
||
| 686 |
_a38 _2rubbk |
||
| 700 | 1 |
_4070 _8rus _7ca _aЯблонский _bА. А. _f1903-1995 _gАлександр Александрович _3RU\NLR\auth\777705 _9117637 |
|
| 801 | 0 |
_aRU _bRKP _c20000410 _gPSBO |
|
| 801 | 1 |
_aRU _bRKP _c20000410 |
|
| 801 | 2 |
_aRU _bNLR _c20090430 _grcr |
|
| 852 |
_aNLR _j99-4/9235 |
||
| 942 | _cBOOK | ||
| 980 | _aNB | ||